000 00792nam a2200253 i 4500
001 10114
003 ES-MaACL
005 20250927112355.0
007 t|
008 950214s1994 sp ||||1| spa d
020 _a84-253-2498-X
080 _a92 Franco Bahamonde, Francisco
080 _a32:92 Franco Bahamonde, Francisco
100 0 _aPreston, Paul,
_d1946-
_993797
245 1 0 _aFranco "Caudillo de España" /
_cPaul Preston.
250 _a[3ª ed.].
260 _aBarcelona :
_bGrijalbo,
_c1994.
300 _a1043 p. :
_b[32] p. de lám. ;
_c24 cm.
490 1 _aHojas nuevas
600 1 4 _aFranco Bahamonde, Francisco,
_d1892-1975-
_xBiografías
_952242
830 0 _aHojas nuevas
_9178637
852 _aES-MaACL
_jL-17569
_bR.123031
999 _c10114
_d10114